000 00681 a2200205 4500
999 _c183396
_d183396
005 20211229142248.0
010 _aENG-130586
020 _a978-934-5460-036-4
_c725.00
035 _aEN-114118
037 _bDBAD/PUB
082 _a515.9
_29th Edition
100 _aBrown, James Ward
245 _aComplex Variables and Applications:
_cJames Ward Brown, Ruel V. Churchill
250 _a9th
260 _aChennai
_bMcGraw Hill Education(india) Private Limited
_c2022
270 _aAnjana Complex No.5 /90 A, Butt Road, St. Thomas Mount
_bChennai
_e600016
300 _a461p.
_c23cm (pbk)
700 _aChurchill, Ruel V.
942 _adpl
_cEN
_2ddc
_h515.9
_mBRO